[Event "VEN-ch U20 Girls"]
[Site "Merida"]
[Date "2013.04.??"]
[Round "3"]
[White "Millan Gonzalez, Yaneitsy Alejandra"]
[Black "Pena Uzcategui, Jaixandra"]
[Result "1-0"]
[WhiteElo "1258"]
[BlackElo "1211"]
[PlyCount "49"]
[EventDate "2013.04.23"]
[EventType "swiss"]
[EventRounds "7"]
[EventCountry "VEN"]
[SourceTitle "EXT 2015"]
[Source "ChessBase"]
[SourceDate "2014.11.20"]
[SourceVersion "1"]
[SourceVersionDate "2014.11.20"]
[SourceQuality "1"]

1. e4 e5 2. Nf3 Nc6 3. Bc4 Bc5 4. Nc3 Nf6 5. d3 d6 6. h3 h6 7. 0-0 Be6 8. Nd5 Bxd5 9. exd5 Ne7 10. Bb5+ c6 11. dxc6 bxc6 12. Ba4 Qb6 13. c3 Nf5 14. d4 exd4 15. Re1+ Kd7 16. b4 Bxb4 17. cxb4 Qxb4 18. Qc2 Ne7 19. Rb1 Qc5 20. Rb7+ Kd8 21. Qxc5 dxc5 22. Rexe7 Re8 23. Rxf7 Rg8 24. Bxc6 Rc8 25. Ne5 1-0